Nuestra era irracional (Record no. 21951)

MARC details
000 -LEADER
campo de control de longitud fija 00696nam a2200205 i 4500
001 - NÚMERO DE CONTROL
campo de control 21951
003 - IDENTIFICADOR DE NÚMERO DE CONTROL
campo de control ES-MaACL
005 - FECHA Y HORA DE LA ÚLTIMA TRANSACCIÓN
campo de control 20230906152559.0
007 - CAMPO FIJO DE DESCRIPCIÓN FÍSICA--INFORMACIÓN GENERAL
campo de control de longitud fija t|
008 - DATOS DE LONGITUD FIJA--INFORMACIÓN GENERAL
campo de control de longitud fija 021128s1944 ag ||||1| spa d
100 1# - ENTRADA PRINCIPAL--NOMBRE DE PERSONA
Nombre de persona Alexander, Franz.
9 (RLIN) 19764
245 10 - MENCIÓN DEL TÍTULO
Título Nuestra era irracional
Resto del título : un estudio de las fuerzas irracionales de la vida colectiva /
Mención de responsabilidad, etc. Franz Alexander ; versión castellana de Pablo Simón.
260 ## - PUBLICACIÓN, DISTRIBUCIÓN, ETC.
Lugar de publicación, distribución, etc. Buenos Aires :
Nombre del editor, distribuidor, etc. Poseidón,
Fecha de publicación, distribución, etc. [1944] (
Fabricante Alfonso Ruiz y Cía)
300 ## - DESCRIPCIÓN FÍSICA
Extensión 373 p. ;
Dimensiones 24 cm.
490 1# - MENCIÓN DE SERIE
Mención de serie Colección Scientia
700 1# - ENTRADA AGREGADA--NOMBRE PERSONAL
Nombre de persona Simón, Pablo.
9 (RLIN) 106530
830 0# - PUNTO DE ACCESO ADICIONAL DE SERIE-TÍTULO UNIFORME
Título uniforme Colección Scientia
9 (RLIN) 181532
852 ## - LOCALIZACIÓN
Ubicación ES-MaACL
Número de control de estantería C-5550
Sublocalización o colección R.26027
Holdings
Estatus retirado Estado de pérdida Estado de daño No para préstamo Biblioteca de origen Biblioteca actual Ubicación en estantería Fecha de adquisición Fuente de adquisición Total de préstamos Signatura topográfica completa Código de barras Visto por última vez Precio de reemplazo Tipo de ítem Koha
        Biblioteca del Ateneo de Madrid Biblioteca del Ateneo de Madrid Sala Palomar 17/01/2008     C-5550 1022563 23/02/2023 23/02/2023 Libro impreso